000
00298nam a22001337a 4500
008
170210b xxu||||| |||| 00| 0 eng d
020
_a
157013037X
041
_a
eng
080
_a
61
100
_a
4
101
_a
SHM
245
_a
COLOR ATLAS OF RESPIRATORY DISEASE
_c
HORTON, J.D
942
_2
udc
_c
BK
999
_c
5150
_d
5150